000 00697 a2200169 4500
999 _c10389
_d10389
020 _a9780721600253
050 _aRK309 LAN 2004
100 _aLanglais, Robert P.
_eauthor
245 _aExercises in oral radiology and interpretation
_cRobert P. Langlais.
264 _aSt. Louis, Mo. :
_bW.B. Saunders,
_c ♭2004
300 _axii, 381 pages : illustrations ; 26 cm
500 _aPrevious edition: published as Exercises in oral radiographic interpretation, by Robert P. Langlais and Myron J. Kasle. 1992. Includes index.
650 _aTeeth -- Radiography -- Problems, exercises, etc. .
650 _aTeeth -- Radiography
650 _a Radiography
_xDental
942 _2lcc
_cBK
_h309
_iLAN
_kRK